00486nam a2200181Ia 450000500170000000800410001704000190005804100120007708200140008910000210010324500440012425000120016826000340018030000140021450400500022865000150027885000110029320240318151336.0131103s9999 xx 000 0 und d aLoreto College aEnglish a150 bGAR aGarrett,Henry E. aGeneral Psychology, cHenry E.Garrett a2nd ed. aNew DelhibEurasia Pub.c1990 avi,649p.  aIncludes bibliographical references and index aPsychology aLCBED